[Event "Biel op"]
[Site "Biel"]
[Date "1995.??.??"]
[Round "11"]
[White "Lalic, Bogdan"]
[Black "Gofshtein, Leonid D"]
[Result "1/2-1/2"]
[WhiteElo "2590"]
[BlackElo "2535"]
[PlyCount "33"]
[EventDate "1995.07.??"]
[Source "ChessBase"]

1. d4 Nf6 2. c4 e6 3. Nf3 b6 4. Nc3 Bb4 5. e3 Bb7 6. Bd3 O-O 7. O-O d5 8. cxd5 exd5 9. a3 Bd6 10. b4 Nbd7 11. Qb3 c6 12. a4 Rb8 13. Ba3 g6 14. Rfe1 Re8 15. e4 dxe4 16. Bxe4 Re7 17. Bb2 1/2-1/2

[Event "Linares"]
[Site "Linares"]
[Date "1981.??.??"]
[Round "?"]
[White "Garcia Gonzales, Guillermo"]
[Black "Ljubojevic, Ljubomir"]
[Result "1/2-1/2"]
[WhiteElo "2520"]
[BlackElo "2605"]
[PlyCount "132"]
[EventDate "1981.01.??"]
[Source "ChessBase"]

1. d4 Nf6 2. c4 e6 3. Nc3 Bb4 4. e3 b6 5. Bd3 Bb7 6. Nf3 O-O 7. O-O d5 8. Ne2 dxc4 9. Bxc4 Nbd7 10. b3 Qe7 11. Ng3 Rfd8 12. Qe2 c5 13. Bb2 cxd4 14. Bxd4 Bc5 15. Bb2 Ba3 16. Rad1 a6 17. Bd3 Bxb2 18. Qxb2 Rac8 19. Be2 Nd5 20. Rc1 Qf6 21. Nd4 Nc5 22. Rfd1 g6 23. Bf1 h5 24. Qb1 Qe7 25. Nge2 Nb4 26. Nc3 e5 27. Nf3 Ncd3 28. Bxd3 Nxd3 29. Rxd3 Rxd3 30. Qxd3 e4 31. Qd1 exf3 32. Nd5 Qg5 33. Rxc8+ Bxc8 34. Qxf3 Bb7 35. Nf6+ Kh8 36. Qxb7 Qxf6 37. h4 b5 38. g3 Qe6 39. Kg2 Kg7 40. e4 Qe5 41. Qc6 Qd4 42. Qc2 Kh7 43. Kf3 Kg7 44. Ke2 Kh7 45. Qd3 Qb2+ 46. Qd2 Qa1 47. Ke3 Kg8 48. Qd8+ Kh7 49. Qd2 Kg8 50. Qc2 Kg7 51. Kd3 Kh7 52. a4 bxa4 53. bxa4 Qf6 54. Ke2 Qd4 55. Qc6 Kg7 56. Kf1 a5 57. Kg2 Qb4 58. e5 Kg8 59. Kf3 Kh7 60. Qe4 Qc3+ 61. Kg2 Qb4 62. Qf4 Kg8 63. Kh2 Qc5 64. g4 hxg4 65. Kg3 Qd5 66. Qe3 Kh7 1/2-1/2

[Event "Bern Open"]
[Site "Bern SUI"]
[Date "1995.??.??"]
[Round "7"]
[White "Tukmakov, Vladimir B"]
[Black "Shneider, Aleksandr"]
[Result "1/2-1/2"]
[WhiteElo "2585"]
[BlackElo "2530"]
[PlyCount "47"]
[EventDate "1995.02.??"]
[Source "www.chesslib.no"]
[SourceDate "2004.05.04"]

1. d4 Nf6 2. Nf3 e6 3. c4 b6 4. Nc3 Bb4 5. e3 O-O 6. Bd3 d5 7. O-O dxc4 8. Bxc4 Bb7 9. a3 Be7 10. Qe2 Ne4 11. Bd3 Nxc3 12. bxc3 c5 13. e4 Nd7 14. Bf4 cxd4 15. cxd4 Rc8 16. Rfd1 Nf6 17. a4 Rc3 18. d5 exd5 19. e5 Nd7 20. Bd2 Rc7 21. Nd4 Nc5 22. Bf5 Bc8 23. Ra3 g6 24. Rh3 1/2-1/2

[Event "Keres mem op"]
[Site "Tallinn"]
[Date "2001.07.28"]
[Round "6"]
[White "Lugovoi, Aleksei"]
[Black "Sakaev, Konstantin"]
[Result "0-1"]
[WhiteElo "2485"]
[BlackElo "2630"]
[PlyCount "158"]
[EventDate "2001.07.25"]
[Source "ChessBase"]
[SourceDate "2001.09.11"]

1. d4 Nf6 2. c4 e6 3. Nc3 Bb4 4. e3 O-O 5. Bd3 d5 6. Nf3 b6 7. O-O Bb7 8. cxd5 exd5 9. a3 Bd6 10. b4 Nbd7 11. Qc2 c5 12. bxc5 bxc5 13. Rb1 Bc6 14. Nb5 Bxb5 15. Rxb5 c4 16. Be2 Qc7 17. Bd2 a6 18. Rbb1 Bxa3 19. Qa4 Bd6 20. Ba5 Qc8 21. Nd2 Bc7 22. Bc3 Nb6 23. Qa3 Qd7 24. Ba5 Nc8 25. e4 Bxa5 26. Qxa5 dxe4 27. Nxc4 Qxd4 28. Rfd1 Qa7 29. Ne3 Rb8 30. Nf5 Rxb1 31. Rxb1 Ne7 32. Qxa6 Qc5 33. Nxe7+ Qxe7 34. Rb7 Qc5 35. Qc4 Qa5 36. g3 h5 37. Kg2 Qd2 38. Re7 h4 39. gxh4 Qf4 40. Qb3 Qd6 41. Qb7 Qf4 42. h3 Qxh4 43. Re5 Qf4 44. Qb5 g6 45. Re7 Kg7 46. Qe5 Qxe5 47. Rxe5 Re8 48. Rxe8 Nxe8 49. f3 exf3+ 50. Kxf3 Kf6 51. Bc4 Nd6 52. Ba2 Kg5 53. Kg3 Ne4+ 54. Kf3 f5 55. Bf7 Kf6 56. Ba2 g5 57. Bd5 Ke5 58. Bb7 Nd2+ 59. Ke3 Nc4+ 60. Kf3 Kd4 61. Bc8 Ne5+ 62. Kf2 Ke4 63. Bb7+ Kf4 64. Ba6 Nf7 65. Bc8 Nd6 66. Bd7 Ne4+ 67. Kg2 Nc5 68. Bc8 Nd3 69. Bd7 Ke4 70. Bc8 f4 71. Ba6 Nc5 72. Bb5 Ke3 73. Bc6 Ne4 74. Bb5 f3+ 75. Kg1 Nf2 76. Bf1 Nd1 77. Ba6 Kf4 78. Kf1 Kg3 79. Ke1 Nf2 0-1

[Event "Capablanca mem Elite 33rd"]
[Site "Havana"]
[Date "1998.05.08"]
[Round "2"]
[White "Zilberman, Yaacov"]
[Black "Huebner, Robert"]
[Result "1/2-1/2"]
[WhiteElo "2555"]
[BlackElo "2560"]
[PlyCount "86"]
[EventDate "1998.05.07"]
[Source "ChessBase"]
[SourceDate "1998.08.06"]

1. d4 Nf6 2. c4 e6 3. Nc3 Bb4 4. e3 O-O 5. Bd3 d5 6. Nf3 b6 7. O-O Bb7 8. cxd5 exd5 9. a3 Bd6 10. b4 Nbd7 11. Qb3 a6 12. a4 Re8 13. Ba3 c6 14. b5 Qe7 15. bxc6 Bxc6 16. Bxd6 Qxd6 17. Rfc1 Bb7 18. Bf5 g6 19. Bh3 h5 20. Rab1 Ng4 21. Ne2 Rac8 22. Nf4 a5 23. Rxc8 Rxc8 24. Bxg4 hxg4 25. Ne5 Nxe5 26. dxe5 Qxe5 27. Qxb6 Ba8 28. Qxa5 Qe4 29. Qe1 Qxa4 30. Ne2 Bc6 31. Nd4 Bd7 32. g3 Bf5 33. Nxf5 gxf5 34. Qb4 Qxb4 35. Rxb4 Kg7 36. Rd4 Rc5 37. Kg2 Kf6 38. h3 gxh3+ 39. Kxh3 Ke5 40. Kg2 Rc2 41. Rf4 f6 42. Kf3 Ra2 43. Rh4 Rb2 1/2-1/2